000 00793nam a2200229Ia 4500
005 20220323154310.0
008 210716s2011 xx 000 0 und d
020 _a9788120342477
040 _cAIMIT LIBRARY
041 _aeng
082 _a657.3
_21
_bSARM
100 _aSarngadharan, M;Kumar, S Rajitha.
_925456
245 _aFinancial analysis for management decisions /
_cBy M. Sarngadharan and S. Rajitha Kumar.
250 _a1st ed.
_bEastern Economy Edition.
260 _aNew Delhi :
_bPHI Learning private limited ,
_c2011.
300 _ax,354p. ;
_c23.5 cm.
650 _aFinancial Reporting and Analyais.
_925457
650 _aManagement Decisions.
_925458
650 _aCashflow Analysis.
_925459
650 _aFund flow analysis.
_925460
942 _2ddc
_cBK
_e1st
_k657.3 SARM
999 _c208174
_d208174